Labour Management Relations and Public Agency Effectiveness (Record no. 2834)

MARC details
000 -LEADER
fixed length control field 00345nam a22001337a 4500
008 - FIXED-LENGTH DATA ELEMENTS--GENERAL INFORMATION
fixed length control field 250403b |||||||| |||| 00| 0 eng d
020 ## - INTERNATIONAL STANDARD BOOK NUMBER
ISBN 0080259537
100 ## - MAIN ENTRY--AUTHOR
Author PERRY James L.
245 ## - TITLE STATEMENT
Title Labour Management Relations and Public Agency Effectiveness
260 ## - PUBLICATION, DISTRIBUTION, ETC. (IMPRINT)
Place of publication USA
Name of publisher NIL
Date of publication 1980
300 ## - COLLATION
Pagination xii, 193p.
942 ## - ADDED ENTRY ELEMENTS (KOHA)
Item type Books
050 ## - LIBRARY OF CONGRESS CALL NUMBER
Classification number HE308
Item number .P47
Holdings
Source of classification or shelving scheme Not for loan Permanent location Current location Date acquired Accession No. Full call number Barcode. Koha item type
Library of Congress Classification   Samuel Ogbemudia Main Library, University of Abuja Samuel Ogbemudia Main Library, University of Abuja 04/03/2025 91/006187 HE308.P47 2025-1145 Books